[Event "LSS OP-2009-0-00845"]
[Site "LSS email"]
[Date "2009.05.13"]
[Round "?"]
[White "Gyongyosi, Peter Laszlo"]
[Black "Piriz Prado, Raul Alejandro"]
[Result "1-0"]
[WhiteElo "1251"]
[BlackElo "1456"]
[PlyCount "69"]
[EventDate "2009.05.10"]
[EventType "tourn (corr)"]
[EventRounds "4"]
[EventCountry "GER"]
[SourceTitle "Corr 2011"]
[Source "ChessBase"]
[SourceDate "2010.08.31"]
[SourceVersion "1"]
[SourceVersionDate "2010.08.31"]
[SourceQuality "1"]

1. d4 Nf6 2. c4 e6 3. Nc3 Bb4 4. a3 Bxc3+ 5. bxc3 c5 6. d5 exd5 7. cxd5 0-0 8. Nf3 d6 9. e3 Bg4 10. Be2 Qa5 11. Bb2 Nbd7 12. 0-0 Nb6 13. c4 Nbd7 14. h3 Bh5 15. Nh4 Bxe2 16. Qxe2 Qd8 17. Nf5 Ne5 18. f4 Ng6 19. e4 Ne8 20. e5 dxe5 21. fxe5 Qg5 22. Bc1 Qd8 23. e6 fxe6 24. Qxe6+ Kh8 25. Bb2 Nf6 26. Nd6 Qe7 27. Bxf6 Rxf6 28. Rxf6 Qxf6 29. Qxf6 gxf6 30. Nxb7 Kg7 31. Nxc5 Rc8 32. Ne6+ Kf7 33. Rc1 Nf8 34. Nxf8 Kxf8 35. Kf2 1-0

[Event "LSS OP-2009-0-00845"]
[Site "LSS email"]
[Date "2009.05.13"]
[Round "?"]
[White "Piriz Prado, Raul Alejandro"]
[Black "Pastorek, Bandi"]
[Result "1-0"]
[WhiteElo "1506"]
[BlackElo "800"]
[PlyCount "37"]
[EventDate "2009.05.10"]
[EventType "tourn (corr)"]
[EventRounds "4"]
[EventCountry "GER"]
[SourceTitle "Corr 2011"]
[Source "ChessBase"]
[SourceDate "2010.08.31"]
[SourceVersion "1"]
[SourceVersionDate "2010.08.31"]
[SourceQuality "1"]

1. e4 c5 2. Nf3 d6 3. d4 cxd4 4. Nxd4 e5 5. Nb5 a6 6. N5c3 b5 7. Nd2 Nf6 8. Nf3 Nc6 9. Bg5 h6 10. Bxf6 Qxf6 11. Nd5 Qd8 12. a4 b4 13. Be2 g5 14. Nd2 Be6 15. Bc4 Na5 16. Ba2 h5 17. Nc4 Bxd5 18. Qxd5 g4 19. 0-0-0 1-0

[Event "LSS CP-2007-P-00046"]
[Site "LSS email"]
[Date "2007.10.01"]
[Round "?"]
[White "Morin, Stephane"]
[Black "Piriz Prado, Raul Alejandro"]
[Result "1-0"]
[WhiteElo "2043"]
[BlackElo "1348"]
[PlyCount "21"]
[EventDate "2007.10.01"]
[EventType "tourn (corr)"]
[EventRounds "6"]
[EventCountry "GER"]
[SourceTitle "Corr 2015"]
[Source "ChessBase"]
[SourceDate "2015.07.17"]
[SourceVersion "1"]
[SourceVersionDate "2015.07.17"]
[SourceQuality "1"]

1. e4 c5 2. Nf3 d6 3. d4 cxd4 4. Nxd4 e6 5. Nc3 Nf6 6. Be3 a6 7. f3 Qb6 8. Rb1 e5 9. Nf5 Qc7 10. g4 Bxf5 11. gxf5 1-0

[Event "ZI-2007-0-00161"]
[Site "LSS email"]
[Date "2007.09.25"]
[Round "?"]
[White "Csaba, Fodor"]
[Black "Piriz Prado, Raul Alejandro"]
[Result "1-0"]
[WhiteElo "1139"]
[BlackElo "1348"]
[PlyCount "25"]
[EventDate "2007.09.24"]
[EventType "match (corr)"]
[EventRounds "2"]
[EventCountry "GER"]
[SourceTitle "Corr 2015"]
[Source "ChessBase"]
[SourceDate "2015.07.17"]
[SourceVersion "1"]
[SourceVersionDate "2015.07.17"]
[SourceQuality "1"]

1. e4 e5 2. Nf3 Nc6 3. Bb5 a6 4. Ba4 Nf6 5. 0-0 b5 6. Bb3 Be7 7. Re1 0-0 8. c3 Na5 9. Bc2 Bb7 10. d4 exd4 11. Nxd4 Re8 12. Nd2 Bc5 13. b4 1-0

[Event "ZI-2007-0-00161"]
[Site "LSS email"]
[Date "2007.09.24"]
[Round "?"]
[White "Piriz Prado, Raul Alejandro"]
[Black "Csaba, Fodor"]
[Result "0-1"]
[WhiteElo "1348"]
[BlackElo "1139"]
[PlyCount "26"]
[EventDate "2007.09.24"]
[EventType "match (corr)"]
[EventRounds "2"]
[EventCountry "GER"]
[SourceTitle "Corr 2015"]
[Source "ChessBase"]
[SourceDate "2015.07.17"]
[SourceVersion "1"]
[SourceVersionDate "2015.07.17"]
[SourceQuality "1"]

1. e4 e5 2. Nf3 Nc6 3. Bb5 a6 4. Ba4 Nf6 5. 0-0 Be7 6. Re1 b5 7. Bb3 0-0 8. c3 d6 9. d4 Bb7 10. Nbd2 Na5 11. Bc2 c5 12. dxe5 dxe5 13. a4 Nc4 0-1